Normal view
MARC view
- Urban & Regional Planning - MS Thesis
Entry Topical Term
001 - CONTROL NUMBER
- control field: 16560
003 - CONTROL NUMBER IDENTIFIER
- control field: NUST
005 - DATE AND TIME OF LATEST TRANSACTION
- control field: 20190703102010.0
008 - FIXED-LENGTH DATA ELEMENTS
- fixed length control field: 190703|| aca||aabn | a|a d
040 ## - CATALOGING SOURCE
- Original cataloging agency: NUST
- Transcribing agency: NUST
150 ## - HEADING--TOPICAL TERM
- Topical term or geographic name entry element: Urban & Regional Planning - MS Thesis
670 ## - SOURCE DATA FOUND
- Source citation: Work cat.: (NUST): Ali, Syed Imran 16559, Impacts of Socio Economic and Urban form Elements on Domestic Electricity Consumption, Domestic Electricity Consumption /, 2018.
